[Event "Gallipoli Salento op 9th"]
[Site "Gallipoli"]
[Date "2020.09.20"]
[Round "2"]
[White "Cottone, Salvatore"]
[Black "Coppola, Giuseppe"]
[Result "1-0"]
[WhiteElo "1587"]
[BlackElo "1440"]
[PlyCount "57"]
[EventDate "2020.09.19"]
[EventType "swiss"]
[EventRounds "9"]
[EventCountry "ITA"]
[SourceTitle "CBM 198 Extra"]
[Source "ChessBase"]
[SourceDate "2020.11.30"]
[SourceVersion "1"]
[SourceVersionDate "2020.11.30"]
[SourceQuality "1"]

1. d4 d5 2. Bg5 h6 3. Bh4 Qd7 4. e3 e6 5. Nf3 Be7 6. Ne5 Qd8 7. Bg3 Nf6 8. Bd3 c5 9. c3 0-0 10. 0-0 Nc6 11. Nd2 cxd4 12. exd4 Bd6 13. f4 Nd7 14. Qe2 Qe8 15. Rae1 Ndxe5 16. fxe5 Be7 17. Bc2 f6 18. exf6 Bxf6 19. Qd3 Ne7 20. Qh7+ Kf7 21. Rxf6+ Kxf6 22. Bh4+ Kf7 23. Rf1+ Nf5 24. Nf3 Nxh4 25. Nxh4+ Ke7 26. Ng6+ Kd6 27. Rxf8 Qd7 28. Qg8 Kc6 29. Ne5+ 1-0